Statistics for Top 100 Best Soccer Clubs 2023

Click here to take the quiz!

General Stats

  • This quiz has been taken 352 times
  • The average score is 29 of 100

Answer Stats

#ConfederationClub% Correct
1UEFAReal Madrid
97%
2UEFAManchester City
95%
27UEFAFC Barcelona
92%
7UEFAManchester United
90%
34UEFALiverpool FC
85%
10UEFABayern Munich
84%
22UEFAAC Milan
80%
20UEFAArsenal
80%
62UEFAChelsea FC
80%
5UEFAInter Milan
80%
40UEFABorussia Dortmund
77%
23UEFAParis Saint-Germain
76%
74UEFAAtletico Madrid
74%
63UEFATottenham Hotspur
73%
21UEFAJuventus
70%
9UEFASSC Napoli
65%
31UEFASevilla FC
61%
16UEFAAS Roma
60%
37UEFAAFC Ajax
58%
61CONMEBOLBoca Juniors
57%
92CONMEBOLRiver Plate
55%
8UEFAFC Porto
53%
73UEFAOlympique Marseille
53%
4UEFASL Benfica
51%
55UEFASS Lazio
50%
14UEFAPSV Eindhoven
49%
30UEFAWest Ham United
47%
43UEFABayer 04 Leverkusen
46%
3CONMEBOLFlamengo
39%
17UEFAFeyenoord Rotterdam
37%
66UEFAVillarreal
37%
48UEFAAS Monaco
35%
52UEFAReal Betis
34%
38UEFAReal Sociedad
34%
77UEFACeltic FC
33%
28UEFARB Leipzig
32%
13UEFAACF Fiorentina
31%
100UEFARangers FC
30%
11CONMEBOLPalmeiras
26%
24CONMEBOLSão Paulo FC
26%
56UEFAEintracht Frankfurt
25%
89UEFARSC Anderlecht
25%
76UEFAClub Brugge
24%
33UEFAS.C. Braga
22%
25UEFASporting Lisbon
22%
6CAFAl Ahly
21%
49CONMEBOLFluminense FC
21%
86UEFASalzburg
21%
83UEFAFC Shakhtar Donetsk
20%
39UEFAFK Red Star Belgrade
20%
42UEFAUnion Berlin
20%
57UEFADinamo Zagreb
18%
65UEFAOGC Nice
18%
19UEFAAZ Alkmaar
17%
75UEFAFC Basel
17%
58CONMEBOLSC Corinthians
17%
18UEFAFenerbahce SK
16%
47UEFAStade Rennais FC
15%
85UEFAKAA Gent
14%
87CONMEBOLRacing Club
14%
79UEFARoyal Antwerp FC
14%
90UEFAFC Nantes
13%
51 | 94CONMEBOLClub Nacional
12%
36CONMEBOLClub Atlético Mineiro
11%
46UEFASC Freiburg
11%
32CONMEBOLSC Internacional
9%
69CONMEBOLEstudiantes La Plata
8%
97CAFRaja CA Casablanca
8%
88CONCACAFCD Olimpia
7%
45CONMEBOLClub Olimpia
7%
50UEFASK Slavia Prague
7%
35CAFWydad AC Casablanca
7%
26CONMEBOLClub Athletico Paranaense
6%
54UEFACFR Cluj
5%
67CONMEBOLClub Atlético Nacional
5%
44CONMEBOLFortaleza
5%
68UEFALech Poznań
5%
91CONMEBOLRB Bragantino
5%
53CAFZamalek SC
5%
12CONMEBOLCSD Independiente Valle
4%
41CONMEBOLIndependiente Medellín
4%
84UEFAMaccabi Haifa FC
4%
78CAFMamelodi Sundowns FC
4%
72UEFAPFC Ludogorets
4%
96UEFASK Sturm Graz
4%
15UEFAUnion Saint-Gilloise
4%
60UEFAIstanbul Basaksehir
3%
59CAFPyramids FC
3%
71UEFAQarabag FK
3%
64CONMEBOLClub Cerro Porteño
2%
70CONMEBOLClub Libertad
2%
98CAFFAR Rabat
2%
29CONMEBOLMillonarios FC
2%
95UEFAFK Partizan Belgrade
1%
81UEFAHapoel Be'er Sheva FC
1%
80CAFYoung Africans SC
1%
93UEFAFK Zalgiris
0%
99CAFFuture FC
0%
82CONCACAFLD Alajuelense
0%

Score Distribution

Percentile by Number Answered

Percent of People with Each Score

Your Score History

You have not taken this quiz